| 000 | 00649nam a22002177a 4500 | ||
|---|---|---|---|
| 003 | UA-OsUOA | ||
| 001 | 87739 | ||
| 007 | ta | ||
| 008 | 20120921b un ||||| |||| 00| 0 ukr d | ||
| 090 |
_a94(5) _bО-95 |
||
| 942 | _cBK | ||
| 040 |
_aUA-OsUOA _brus _cUA-OsUOA _dUA-OsUOA |
||
| 245 |
_aОчерки по истории арабских стран _bсборник статей _cРед. Луцкий В. Б. |
||
| 300 | _a253 с. | ||
| 955 | _a1 | ||
| 041 | _arus | ||
| 080 | _a94(5) | ||
| 260 |
_aМ. _bИ-во Московского у-та _c1959 |
||
| 650 | 7 |
_a9 Географія. Біографії. Історія _2UDC |
|
| 999 |
_c374037 _d374037 |
||